La Agricultura de América Latina y el Caribe: temas actuales y perspectivas /

sin resumen

Wedi'i Gadw mewn:
Manylion Llyfryddiaeth
Prif Awdur: Caballero, José María
Fformat: Texto
Tagiau: Ychwanegu Tag
Dim Tagiau, Byddwch y cyntaf i dagio'r cofnod hwn!

MARC

LEADER 00000 a a2200000 04500
001 4812
003
040
100 |a Caballero, José María  
245 |a La Agricultura de América Latina y el Caribe:   |b temas actuales y perspectivas /  |c José María Caballero 
520 |a sin resumen  
773 |g número 8; páginas 103-136  
999 |c 37008  |d 37008 
773 0 |0 44093  |9 6623  |a Centro Peruano de Estudios Sociales, CEPES  |d Lima, Perú : CEPES, s.f.  |o MFN: 1937  |t Debate agrario :